000
00209nam a22000857a 4500
008
161213b xxu||||| |||| 00| 0 eng d
100
_9
2024
_a
Shankar
245
_a
The Woman and Cow
260
_a
New Delhi
_b
C.B.T
_c
2011
999
_c
4899
_d
4899